• 首页
  • 本馆介绍
  • 公告通知
  • 最新文献
  • 馆藏检索
  • 电子资源
  • 读者导购
  • 参考咨询
  • 我的图书馆
  • 登录
  • 详细信息显示
  • 放入我的书架
  • 预约/预借图书
  • 作者相关作品
  • 分类相关作品
  • 丛书相关作品
  • 出版社相关作品

书目信息

  • 表格格式
  • 工作单格式
  • 卡片格式
题名:
X线诊断问答
    
 
作者: 李铁一 主编
分册:  
出版信息: 北京   人民卫生出版社  1979
页数: 408页
开本: 19cm
丛书名:
单 册:
中图分类: R816
科图分类:
主题词: X射线诊断--问答
电子资源:
ISBN:
000 00558nam0 2200217 45
001 0179008593
005 20060912085356.28
010    @dCNY0.97
091    @a14048.3672
100    @a19950804d1979 em y0chiy0121 ea
101 0  @achi
102    @aCN@b110000
105    @ay z 000yy
200 10 @aX线诊断问答@Ax xian zhen duan wen da@f李铁一主编
210    @a北京@c人民卫生出版社@d1979
215    @a408页@d19cm
606    @aX射线诊断@x问答
690    @aR816@v3
701  0 @a李铁一@Ali tie yi@4主编
801  0 @aCN@bTSSF@c20060912
905    @a10447@dR816@e8
    
    X线诊断问答/李铁一主编.-北京:人民卫生出版社,1979
    408页;19cm
    
    
    ISBN :CNY0.97
    
●
相关链接 在E读中查询图书 在五车中查询图书 在当当中查询图书 在豆瓣中查询图书


正题名:X线诊断问答     索取号:R816/8         预约/预借

序号 登录号 条形码 馆藏地/架位号 状态 备注
1 0458381   204583815   密集书库/ [索取号:R816/8] 在馆    
2 0473881   204738819   密集书库/ [索取号:R816/8] 在馆    
唐山师范学院图书馆 欢迎您!
大连网信软件有限公司© 版权所有